00562 a2200169 45000010006000000050017000060080041000230030015000640400040000790800083001192450049002022640049002513000019003000410008003191000040003277000025003676393220260521160826.0260521a1968 arg spa dAR-UNSa-BCEJYS aAR-UNSa-BCEJYSbspacAR-UNSa-BCEJYS a658.15xAdministración financiera privada. Gestión financiera de empresas 10aSelección y planificación de inversiones 1aMadrid :bIberico Europea de Edicionesc1968 a242 p.c22 cm. aspa1 aNational Association of Accountants1 aGonzález, Santiago